000 02338nam0a2200361 4500
001 RU\NLR\BIBL_A\022574756
005 20251127163015.0
010 _a978-5-7133-1805-5
_9300
021 _aRU
_bКН-П-25-026222
_9КН-П-25-2614
035 _a(NLR Aleph) 022574756
090 _a13471537
_c13471537
100 _a20250626d2025 u y0rusy50 ca
101 0 _arus
102 _aRU
105 _abc j 000yy
181 0 _ai
_baxxe
182 0 _an
200 1 _aИстория внешней политики Японии, 1868–2018 гг.
_eучебник для студентов вузов, обучающихся по направлениям подготовки и специальностям "Международные отношения" и "Регионоведение"
_fА. Н. Панов, К. О. Саркисов, Д. В. Стрельцов
_gМосковский государственный институт международных отношений (университет) МИД России
203 _aТекст
_bвизуальный
_cнепосредственный
205 _a2-е изд., испр. и доп.
210 _aМосква
_cМеждународные отношения
_d2025
215 _a472, [2] с.
_cкарты, портр.
_d22
225 1 _aИстория внешней политики зарубежных стран
300 _aВ конце кн. авт.: Панов А. Н., д-р полит. наук, проф., Саркисов К. О., канд. ист. наук, Стрельцов Д. В., д-р ист. наук, проф.
607 _aЯпония
_jУчебники для высших учебных заведений
_xВнешняя политика
_z19 - нач. 21 вв.
_92426171
_3RU\NLR\AUTH\6601662898
686 1 _aТ3(5Я)5/6-6я73
700 1 _7ca
_8rus
_aПанов
_bА. Н.
_cд-р полит. наук, дипломат
_f1944-
_gАлександр Николаевич
_9250225
_3RU\NLR\AUTH\770250281
701 1 _aСаркисов
_bК. О.
_gКонстантин Оганесович
701 1 _aСтрельцов
_bД. В.
_f1963-
_gДмитрий Викторович
942 _cBOOK
980 _aNB